00374nam a22001577a 450000500170000000800410001701000130005802000110007103500130008203700170009504000180011210000140013024500460014426000120019030000140020220100508112413.0100508t xxu||||| |||| 00| 0 eng d aB-368654 c395.00 aB-368654 bPansy Books  adplbEnglish  aChin, Su  aCreating bonsai landscapes /cby Su Chin  b c2003 ap. ccm.